Wymień wszystkie stacje pociągu IC mewa - Statystyki

Ogólne statystyki
  • Ten quiz został rozwiązany 25 razy
  • Średni wynik to 17 z 20
Statystyki odpowiedzi
Numer stacji Stacje % Poprawnych
2 Warszawa centralna
100%
1 Warszawa Wschodnia
100%
3 Warszawa Zachodnia
100%
12 Poznań główny
96%
7 Koło
92%
6 Kutno
92%
8 Konin
88%
4 Sochaczew
88%
20 Szczecin główny
88%
10 Września
88%
18 Stargard
83%
19 Szczecin Dąbie
83%
15 Krzyż
79%
5 Łowicz głowny
79%
9 Słupca
75%
11 Swarzędz
75%
13 Szamotuły
75%
17 Choszczno
71%
16 Dobiegniew
67%
14 Wronki
63%
Nie znaleziono quizów pasujących do podanych kryteriów
Rozkład punktacji
Procent ludzi z każdym wynikiem
Percentyl według liczby udzielonych odpowiedzi
Twoja historia wyników
Nie rozwiązałeś tego quizu